Cuentos para niños /
שמור ב:
| מחבר ראשי: | |
|---|---|
| מחברים אחרים: | |
| פורמט: | ספר |
| שפה: | ספרדית |
| יצא לאור: |
Madrid, España :
Siruela,
2019, c2019
|
| סדרה: | (Las Tres Edades ;
293) |
| נושאים: | |
| תגים: |
אין תגיות, היה/י הראשונ/ה לתייג את הרשומה!
|
MARC
| LEADER | 00000nam^a2200000^a^4500 | ||
|---|---|---|---|
| 001 | 000434354 | ||
| 005 | 20250521000000.0 | ||
| 009 | 20260310123104.343 | ||
| 020 | |a 978-84-17860-00-4 | ||
| 037 | |a Acervo ITESO - Biblioteca | ||
| 041 | |a ESP | ||
| 082 | |a 808. 899282 |b TRE V. 293 | ||
| 100 | |a Rodoreda, Mercè |e (autor) | ||
| 245 | 1 | 0 | |a Cuentos para niños / |c M. Rodoreda ; ed. y epílogo de S. Fernández Martínez ; tr. por Jenn Díaz. |
| 264 | 4 | |a Madrid, España : |b Siruela, |c 2019, c2019 | |
| 300 | |a 201 p. | ||
| 336 | |a texto |b txt |2 rdacontenido | ||
| 337 | |a sin mediación |b n |2 rdamedio | ||
| 338 | |a volumen |b nc |2 rdasoporte | ||
| 440 | 5 | |a (Las Tres Edades ; |v 293) | |
| 500 | |a Traducción de: L'hivern i les formigues; Les tres granotes i el rossinyol; El vaixellet; La darrera bruixa; La noieta daurada; L'oreneta; El noiet i la casona; La guardiola; Les fades; L'estrella que va a morir; Les pomes traspasseres; El noiet roger; El rodacamins; La fulla; La truita; El bruixot i la sargantana; Aventures de Camús i Tararí I; Aventures de Camús i Tararí II; Images d'infantesa I; Images d'infantesa II; I moltes vegades, durant anys..."; Ronald Searle; Quan de temps feia | ||
| 649 | |a XX | ||
| 650 | |a Cuentos Infantiles - |z Cataluña, España | ||
| 650 | |a Cuentos Infantiles - |z España | ||
| 650 | |a Cuentos Catalanes | ||
| 650 | |a Cuentos Españoles | ||
| 650 | |a Literatura Infantil - |z Cataluña, España | ||
| 650 | |a Literatura Infantil - |z España | ||
| 650 | |a Literatura de Mujeres - |z Cataluña, España | ||
| 650 | |a Literatura de Mujeres - |z España | ||
| 650 | |a Literatura Catalana - |y Siglo XX | ||
| 650 | |a Literatura Española - |y Siglo XX | ||
| 700 | |a Fernández Martínez, Sergio |e (edición) | ||
| 910 | |a Fondo General | ||
| 920 | |a Impresos - Libros | ||
| 930 | |a Colección General | ||
| 940 | |a Literatura | ||
| 905 | |a 101 | ||
| 901 | |a 0500353942 |b IT1 |c LIT |i C175543 |u 20250521 | ||
| 902 | |a https://opac.biblio.iteso.mx/vufind/Record/000434354 | ||